Laddar...

Sex and Class in Latin America; Women's Perspectives on Politics, Economics and the Family in the Third World

Bibliografiska uppgifter
Huvudupphovsman: June Nash & Helen Icken Safa (Ed.)
Materialtyp: Printed Book
Publicerad: Massachusetts; Bergin & Garvey Publishers, Inc. 1980
Upplaga:1st
Ämnen:
LEADER 00649nam a22001577a 4500
020 |a 0-89789-004-3 
082 |a 305.3  |b JUN/S M0 
100 |a June Nash & Helen Icken Safa (Ed.)  |9 197156 
245 |a Sex and Class in Latin America;  |b Women's Perspectives on Politics, Economics and the Family in the Third World 
250 |a 1st 
260 |a Massachusetts;  |b Bergin & Garvey Publishers, Inc.  |c 1980 
300 |a 330p. 
650 |a English; Gender Studies  |9 318832 
942 |c BK 
999 |c 68863  |d 68863 
952 |0 0  |1 0  |4 0  |6 305_300000000000000_JUN_S_M0  |7 0  |8 GenderStud  |9 81761  |a MAL  |b MAL  |d 2016-11-18  |e 34264  |l 0  |o 305.3 JUN/S M0  |p MAL034264  |r 2016-11-18  |t 1  |w 2016-11-18  |y BK